[Event "Reykjavik op"]
[Site "Reykjavik"]
[Date "2024.03.15"]
[Round "1"]
[White "Bugaj, Hanna"]
[Black "Duong, Thanh Nha"]
[Result "0-1"]
[WhiteElo "1920"]
[BlackElo "2144"]
[PlyCount "114"]
[EventDate "2024.03.15"]
[EventType "swiss"]
[EventRounds "9"]
[EventCountry "ISL"]
[SourceTitle "CB13_2024"]
[SourceDate "2024.03.27"]
[SourceVersion "1"]
[SourceVersionDate "2024.03.27"]
[SourceQuality "1"]

1. d4 Nf6 2. c4 e6 3. Nf3 b6 4. g3 Ba6 5. Qc2 d5 6. Nbd2 Be7 7. Bg2 0-0 8. 0-0 c5 9. b3 Nc6 10. dxc5 bxc5 11. Bb2 Rc8 12. Rfd1 Qb6 13. Rac1 Rfd8 14. Qb1 d4 15. Ne4 Bb7 16. Ne1 Nxe4 17. Qxe4 Rd7 18. h4 Nd8 19. Qg4 f5 20. Qh3 Nf7 21. Nd3 Bxg2 22. Qxg2 Bd6 23. Rc2 a5 24. Bc1 Qa7 25. Nb2 e5 26. Qd5 g6 27. Qh1 e4 28. h5 Ne5 29. h6 Rcd8 30. Bg5 Re8 31. Rcd2 d3 32. Bf4 dxe2 33. Rxe2 Red8 34. Rxd6 Rxd6 35. Kg2 Re6 36. Qh4 Nf7 37. Na4 Rd3 38. Nb2 Rd4 39. Be3 Red6 40. Na4 Kf8 41. Nc3 Qe7 42. Qh1 g5 43. Nd5 Qe5 44. Qe1 R4xd5 45. cxd5 f4 46. gxf4 gxf4 47. Bxf4 Qxf4 48. Rxe4 Qg5+ 49. Kf1 Rxh6 50. Re8+ Kg7 51. Qc3+ Qf6 52. Qg3+ Rg6 53. Qc7 Qa1+ 54. Re1 Qd4 55. Qxa5 Qd3+ 56. Re2 Rh6 57. Qd2 Rh1+ 0-1

[Event "Montreal Pere Noel op"]
[Site "Montreal"]
[Date "2023.12.30"]
[Round "4"]
[White "Duong, Thanh Nha"]
[Black "Druska, Juraj"]
[Result "0-1"]
[WhiteElo "2072"]
[BlackElo "2468"]
[PlyCount "110"]
[EventDate "2023.12.27"]
[EventType "swiss"]
[EventRounds "5"]
[EventCountry "CAN"]
[SourceTitle "CB02_2024"]
[SourceDate "2024.01.10"]
[SourceVersion "1"]
[SourceVersionDate "2024.01.10"]
[SourceQuality "1"]

1. Nf3 c5 2. e4 Nc6 3. Bb5 g6 4. 0-0 Bg7 5. Bxc6 dxc6 6. d3 Nf6 7. Nc3 0-0 8. Be3 b6 9. h3 e5 10. Nd2 Nh5 11. a4 a5 12. Nc4 Be6 13. Qc1 Nf4 14. Bxf4 exf4 15. Qxf4 Bxc4 16. dxc4 Qd4 17. Qc7 Rfc8 18. Qg3 Qxc4 19. e5 Qd4 20. Rfe1 Re8 21. Qf3 Qd7 22. Qg3 Qf5 23. f4 g5 24. Qxg5 Qxg5 25. fxg5 Bxe5 26. Rab1 Kg7 27. Ne4 Re6 28. Kf2 Rd8 29. Kf3 Rd5 30. b3 Bc7 31. g4 Bd8 32. h4 h6 33. gxh6+ Kxh6 34. g5+ Kg6 35. Re2 Bc7 36. Kg4 c4 37. h5+ Kg7 38. Rf1 Rd4 39. Rfe1 cxb3 40. cxb3 Bd6 41. Re3 Bb4 42. h6+ Kg6 43. R1e2 Bd2 44. h7 Kxh7 45. Rh3+ Kg7 46. Kf3 Rd3+ 47. Kg4 Rxh3 48. Kxh3 Bb4 49. Kg4 Re7 50. Kf3 Rd7 51. Ng3 Rd3+ 52. Kg4 Rxb3 53. Nf5+ Kf8 54. Rh2 Ke8 55. Re2+ Kd7 0-1

[Event "Montreal Pere Noel op"]
[Site "Montreal"]
[Date "2023.12.29"]
[Round "3"]
[White "Batorshyn, Ilia"]
[Black "Duong, Thanh Nha"]
[Result "0-1"]
[WhiteElo "1988"]
[BlackElo "2072"]
[PlyCount "68"]
[EventDate "2023.12.27"]
[EventType "swiss"]
[EventRounds "5"]
[EventCountry "CAN"]
[SourceTitle "CB02_2024"]
[SourceDate "2024.01.10"]
[SourceVersion "1"]
[SourceVersionDate "2024.01.10"]
[SourceQuality "1"]

1. e4 e5 2. Nf3 Nf6 3. Nxe5 d6 4. Nf3 Nxe4 5. Nc3 Nxc3 6. dxc3 Be7 7. Bf4 0-0 8. Qd2 Nd7 9. 0-0-0 Nc5 10. Kb1 Re8 11. Bc4 Be6 12. Bxe6 Nxe6 13. Be3 Nc5 14. h4 Bf6 15. g4 Ne4 16. Qd3 g6 17. g5 Bg7 18. h5 c5 19. Rh4 Qe7 20. Re1 d5 21. Reh1 Qe6 22. hxg6 hxg6 23. Ne1 Rad8 24. Rh7 Kf8 25. R7h2 Qb6 26. Ka1 Qa5 27. f3 Nxc3 28. bxc3 Qxc3+ 29. Qxc3 Bxc3+ 30. Kb1 Rxe3 31. Nd3 c4 32. Nc5 b6 33. Nb7 Rd7 34. Rh8+ Bxh8 0-1

[Event "Wch Seniors 50 31st"]
[Site "Terassini"]
[Date "2023.11.02"]
[Round "8"]
[White "Duong, Thanh Nha"]
[Black "Milat, Marcel Victor"]
[Result "1/2-1/2"]
[WhiteElo "2081"]
[BlackElo "2207"]
[PlyCount "175"]
[EventDate "2023.10.25"]
[EventType "swiss"]
[EventRounds "11"]
[EventCountry "ITA"]
[SourceTitle "Mega2024 Update 01"]
[Source "Chessbase"]
[SourceDate "2023.11.12"]
[SourceVersion "1"]
[SourceVersionDate "2023.11.12"]
[SourceQuality "1"]

1. Nf3 Nf6 2. c4 e6 3. Nc3 c5 4. g3 d5 5. d4 cxd4 6. Nb5 a6 7. Nbxd4 dxc4 8. Bg2 e5 9. Nc2 Qxd1+ 10. Kxd1 Nc6 11. Ne3 Be6 12. Nd2 0-0-0 13. Bxc6 bxc6 14. Kc2 c3 15. bxc3 Nd5 16. Nb3 Be7 17. Na5 Kc7 18. Nec4 Bf5+ 19. Kb2 Rb8+ 20. Nb3 f6 21. Re1 Be6 22. Bd2 Nxc3 23. Kxc3 Bb4+ 24. Kc2 Bxc4 25. Bxb4 Rxb4 26. Kc3 Rhb8 27. Nc5 Kd6 28. a3 Kxc5 29. axb4+ Rxb4 30. Reb1 Rb5 31. e3 e4 32. Rd1 Bd3 33. Rxa6 Kd5 34. Ra2 c5 35. Rda1 Bc4 36. Rb2 Rxb2 37. Kxb2 g5 38. Ra7 h5 39. Rh7 Be2 40. Kc3 Kd6 41. Rh8 Kd5 42. Rd8+ Ke6 43. Rc8 Kd6 44. Kb3 Bb5 45. Rb8 Be2 46. Rb6+ Ke7 47. Rc6 c4+ 48. Kc3 Kf7 49. Kd4 Bd3 50. Kd5 h4 51. gxh4 gxh4 52. Rc8 Kg7 53. Ke6 Kg6 54. Rc7 h3 55. Rc5 Be2 56. Kd5 Kf5 57. Rc6 Bd3 58. Kd4 Kg5 59. Rc8 Kg4 60. Rg8+ Kf3 61. Rg3+ Kxf2 62. Rxh3 Kg2 63. Rh8 f5 64. h4 Kh3 65. h5 Kh4 66. h6 Kh5 67. Ke5 Kg6 68. Rc8 Kxh6 69. Kf6 Kh5 70. Kxf5 Kh4 71. Ke5 Kg3 72. Kd4 Kf2 73. Rf8+ Ke2 74. Rh8 c3 75. Rh2+ Kf3 76. Kxc3 Kxe3 77. Rh3+ Kf4 78. Kd4 Kg4 79. Rh8 Kf3 80. Rf8+ Ke2 81. Rf7 Bb1 82. Rb7 Bd3 83. Rb2+ Kf3 84. Rh2 Kg3 85. Rh1 Kf3 86. Kc3 Kf2 87. Kd2 Bf1 88. Rxf1+ 1/2-1/2

[Event "Foxwoods op 15th"]
[Site "Ledyard"]
[Date "2023.04.09"]
[Round "9"]
[White "De la Colina, Nicolas"]
[Black "Duong, Thanh Nha"]
[Result "1/2-1/2"]
[WhiteElo "2244"]
[BlackElo "2086"]
[PlyCount "145"]
[EventDate "2023.04.05"]
[EventType "swiss"]
[EventRounds "9"]
[EventCountry "USA"]
[SourceTitle "CBM 213 Extra"]
[Source "ChessBase"]
[SourceDate "2023.05.31"]
[SourceVersion "1"]
[SourceVersionDate "2023.05.31"]
[SourceQuality "1"]

1. Nf3 Nf6 2. c4 c5 3. g3 b6 4. Bg2 Bb7 5. 0-0 e6 6. Nc3 d6 7. d4 cxd4 8. Qxd4 a6 9. Rd1 Nbd7 10. b3 Be7 11. Bb2 0-0 12. Rac1 Qc7 13. Qd2 Rfe8 14. Qc2 Rac8 15. Qb1 Qb8 16. e4 Qa8 17. Nd4 Nc5 18. Re1 Bf8 19. Rcd1 Rcd8 20. f3 Qb8 21. Qc2 Ba8 22. Qe2 Qa7 23. Kh1 h5 24. Bc1 Nh7 25. Qf2 g6 26. Bb2 Bg7 27. Re2 Qe7 28. Red2 Bh6 29. Re2 Bg7 30. Kg1 Bf6 31. Red2 h4 32. Nde2 hxg3 33. hxg3 Qc7 34. Nd4 Bg7 35. Rc2 Nf6 36. Bc1 Nh7 37. Be3 Bf6 38. b4 Nd7 39. Na4 Rb8 40. Nb3 Qc6 41. Nc3 Qc7 42. Qd2 Ne5 43. Qxd6 Qxd6 44. Rxd6 Nxc4 45. Rd3 Nxe3 46. Rxe3 Rbc8 47. Rc1 Rc4 48. e5 Be7 49. a3 Bb7 50. f4 Bxg2 51. Kxg2 Rec8 52. Ne2 Rxc1 53. Nbxc1 a5 54. Rb3 axb4 55. axb4 Rc4 56. Nd3 g5 57. Rc3 b5 58. Rxc4 bxc4 59. Nc5 gxf4 60. gxf4 f6 61. Kf3 fxe5 62. fxe5 Kf7 63. Ke3 Ng5 64. Nc3 Ke8 65. N3e4 Nf7 66. Kd4 Bf8 67. Nf6+ Ke7 68. b5 c3 69. Ng8+ Ke8 70. Nf6+ Ke7 71. Kxc3 Nxe5 72. Nfe4 Nd7 73. Nxd7 1/2-1/2

[Event "Foxwoods op 15th"]
[Site "Ledyard"]
[Date "2023.04.08"]
[Round "6"]
[White "Jefferson, Matheu"]
[Black "Duong, Thanh Nha"]
[Result "0-1"]
[WhiteElo "1923"]
[BlackElo "2086"]
[PlyCount "110"]
[EventDate "2023.04.05"]
[EventType "swiss"]
[EventRounds "9"]
[EventCountry "USA"]
[SourceTitle "CBM 213 Extra"]
[Source "ChessBase"]
[SourceDate "2023.05.31"]
[SourceVersion "1"]
[SourceVersionDate "2023.05.31"]
[SourceQuality "1"]

1. e4 c5 2. Nf3 Nc6 3. Bb5 Qc7 4. 0-0 a6 5. Bxc6 Qxc6 6. Re1 d6 7. d4 cxd4 8. Nxd4 Qc7 9. Nc3 e6 10. Bg5 g6 11. Qd2 f6 12. Bh4 Bd7 13. f4 Kf7 14. f5 e5 15. Nb3 Bc6 16. Nd5 Bxd5 17. Qxd5+ Kg7 18. Rad1 Nh6 19. Rf1 g5 20. Bf2 Rc8 21. c4 Be7 22. Qe6 Rhd8 23. Rd3 Nf7 24. Rc1 b6 25. Nd2 b5 26. Rdc3 b4 27. Rd3 Kf8 28. Qd5 a5 29. b3 Ra8 30. h4 h6 31. hxg5 hxg5 32. Rh3 Kg7 33. Re1 Rh8 34. Ree3 Nh6 35. Rhg3 a4 36. Rd3 Nf7 37. Nf1 Ra5 38. c5 dxc5 39. Qe6 Rd8 40. Rh3 Rxd3 41. Rxd3 Nd8 42. Qc4 axb3 43. axb3 Ra1 44. g3 Qc6 45. Kg2 Rc1 46. Qd5 Qxd5 47. Rxd5 Nc6 48. Rd7 Kf8 49. Ne3 Ke8 50. Rc7 Nd4 51. Nd5 Bd8 52. Rh7 Nxb3 53. Rh8+ Kd7 54. Rh7+ Kc8 55. Rh8 Nd2 0-1

[Event "Montreal Generations"]
[Site "Montreal"]
[Date "2023.04.02"]
[Round "5.3"]
[White "Duong, Thanh Nha"]
[Black "Tanaka, Taira Tyler"]
[Result "0-1"]
[WhiteElo "2074"]
[BlackElo "2267"]
[PlyCount "82"]
[EventDate "2023.03.31"]
[EventType "schev"]
[EventRounds "5"]
[EventCountry "CAN"]
[SourceTitle "CBM 213 Extra"]
[Source "ChessBase"]
[SourceDate "2023.05.31"]
[SourceVersion "1"]
[SourceVersionDate "2023.05.31"]
[SourceQuality "1"]
[WhiteTeam "Adults"]
[BlackTeam "Juniors"]
[WhiteTeamCountry "CAN"]
[BlackTeamCountry "CAN"]

1. d4 Nf6 2. Nf3 d5 3. c4 e6 4. e3 c5 5. cxd5 exd5 6. Bb5+ Nc6 7. 0-0 Be7 8. b3 0-0 9. dxc5 Bxc5 10. Bb2 Bg4 11. Nc3 Re8 12. Rc1 Bd6 13. Be2 Rc8 14. Nb5 Bb8 15. Re1 Ne4 16. Nbd4 Qd6 17. g3 Qh6 18. Nxc6 bxc6 19. Nh4 Nxf2 20. Kxf2 Qxe3+ 21. Kf1 Bxg3 22. hxg3 Bh3+ 23. Ng2 Qxg3 24. Bf3 Rxe1+ 25. Qxe1 Qxf3+ 26. Qf2 Bxg2+ 27. Kg1 Qxf2+ 28. Kxf2 Be4 29. Bd4 a6 30. b4 f6 31. a4 Bd3 32. b5 axb5 33. a5 b4 34. Ke3 Bc4 35. Bc5 b3 36. Ra1 Re8+ 37. Kf3 Re2 38. Bd4 Ra2 39. Rg1 Kf7 40. Bc3 Bd3 41. Ke3 Be4 0-1

[Event "Toronto Richmond Hill"]
[Site "Richmond Hill"]
[Date "2022.05.17"]
[Round "4"]
[White "Wang, Tianqi"]
[Black "Duong, Thanh Nha"]
[Result "1/2-1/2"]
[WhiteElo "2401"]
[BlackElo "2175"]
[PlyCount "48"]
[EventDate "2022.05.16"]
[EventType "tourn"]
[EventRounds "9"]
[EventCountry "CAN"]
[EventCategory "1"]
[SourceTitle "CBM 209 Extra"]
[Source "ChessBase"]
[SourceDate "2022.09.30"]
[SourceVersion "1"]
[SourceVersionDate "2022.09.30"]
[SourceQuality "1"]

1. b3 c5 2. Bb2 b6 3. e4 Bb7 4. Nc3 d6 5. Nf3 Nf6 6. Bc4 e6 7. Qe2 a6 8. e5 dxe5 9. Nxe5 Qd6 10. f4 b5 11. Bd3 Be7 12. 0-0-0 Nc6 13. Ne4 Nxe4 14. Bxe4 Nd4 15. Qe3 Bxe4 16. Qxe4 Rc8 17. g4 0-0 18. h4 Rfd8 19. d3 f6 20. c3 fxe5 21. fxe5 Qc6 22. cxd4 Qxe4 23. dxe4 cxd4+ 24. Kb1 Rd7 1/2-1/2

[Event "Montreal Winter"]
[Site "Montreal"]
[Date "2020.03.05"]
[Round "7"]
[White "Kaufman, Raymond"]
[Black "Duong, Thanh Nha"]
[Result "1/2-1/2"]
[WhiteElo "2281"]
[BlackElo "2182"]
[PlyCount "88"]
[EventDate "2020.03.02"]
[EventType "tourn"]
[EventRounds "9"]
[EventCountry "CAN"]
[EventCategory "2"]
[SourceTitle "CBM 195 Extra"]
[Source "ChessBase"]
[SourceDate "2020.05.31"]
[SourceVersion "1"]
[SourceVersionDate "2020.05.31"]
[SourceQuality "1"]

1. d4 Nf6 2. c4 e6 3. Nf3 d5 4. g3 dxc4 5. Bg2 Bb4+ 6. Bd2 c5 7. dxc5 Bxc5 8. Qa4+ Nc6 9. Qxc4 Be7 10. 0-0 0-0 11. Nc3 e5 12. Rfd1 Be6 13. Qa4 Qb6 14. Qb5 Qxb5 15. Nxb5 Bc4 16. Nc3 Rfd8 17. Bg5 h6 18. Bxf6 Bxf6 19. Nd2 Ba6 20. Nb3 Be7 21. Nd5 Bd6 22. Rd2 Nb4 23. Ne3 Be7 24. a3 Rxd2 25. Nxd2 Rd8 26. Ndc4 Nc2 27. Nxc2 Bxc4 28. Bxb7 Rb8 29. Ne3 Bxe2 30. Bd5 Bc5 31. b4 Bb6 32. Re1 Bd3 33. Ng4 Rd8 34. Bb3 Bf5 35. Ne3 Bd3 36. Nd5 Bd4 37. Ne7+ Kf8 38. Nc6 Re8 39. Nxd4 exd4 40. Rd1 Bb5 41. Rxd4 Re1+ 42. Kg2 Ra1 43. Bc4 Bxc4 44. Rxc4 Rxa3 1/2-1/2

[Event "Montreal Winter"]
[Site "Montreal"]
[Date "2020.03.02"]
[Round "1"]
[White "Posthuma, Joshua G"]
[Black "Duong, Thanh Nha"]
[Result "0-1"]
[WhiteElo "2355"]
[BlackElo "2182"]
[PlyCount "156"]
[EventDate "2020.03.02"]
[EventType "tourn"]
[EventRounds "9"]
[EventCountry "CAN"]
[EventCategory "2"]
[SourceTitle "CBM 195 Extra"]
[Source "ChessBase"]
[SourceDate "2020.05.31"]
[SourceVersion "1"]
[SourceVersionDate "2020.05.31"]
[SourceQuality "1"]

1. d4 Nf6 2. c4 e6 3. g3 d5 4. Bg2 dxc4 5. Nf3 Bb4+ 6. Nbd2 c3 7. bxc3 Bxc3 8. Rb1 0-0 9. Qc2 Ba5 10. 0-0 Nc6 11. Nc4 Bb6 12. Rd1 Re8 13. e4 h6 14. Bf4 Bd7 15. d5 exd5 16. exd5 Ne7 17. d6 Ng6 18. dxc7 Bxc7 19. Be3 Qc8 20. Qb2 Bc6 21. Nd6 Bxd6 22. Rxd6 Qg4 23. h3 Qh5 24. g4 Nxg4 25. hxg4 Qxg4 26. Rxc6 bxc6 27. Qb4 Qc8 28. Rc1 a5 29. Qa4 Ne7 30. Ne5 Qe6 31. Nxc6 Nd5 32. Nd4 Qg4 33. Qd1 Nxe3 34. fxe3 Qxd1+ 35. Rxd1 Rab8 36. Rd3 Rb2 37. Bd5 a4 38. e4 Rc8 39. Nc6 Kh7 40. Ra3 Rc2 41. Nb4 Rd2 42. Nc6 Ra8 43. Bxf7 Ra6 44. Bd5 Rb6 45. Rf3 Rb1+ 46. Rf1 Rbb2 47. Rf8 h5 48. Bc4 Rbc2 49. Ne5 Rd1+ 50. Rf1 Rdd2 51. Nf3 Rg2+ 52. Kh1 g5 53. Ne1 Rh2+ 54. Kg1 Rb2 55. Rf7+ Kg6 56. Nf3 Rhg2+ 57. Kh1 Rgf2 58. Kg1 Kh6 59. Rf6+ Kg7 60. Rf7+ Kh6 61. e5 g4 62. Rf6+ Kg7 63. Rf7+ Kh6 64. Ne1 g3 65. e6 Rfe2 66. Bxe2 Rxe2 67. Nf3 Rxe6 68. Rd7 Re3 69. Rd6+ Kg7 70. Nh4 Re1+ 71. Kg2 Re2+ 72. Kxg3 Rxa2 73. Kf4 a3 74. Kg5 Kf7 75. Nf5 Ra1 76. Rf6+ Ke8 77. Ra6 a2 78. Kf6 Kd7 0-1

[Event "Le Blanc et Noir Gp-A op"]
[Site "St Jean sur Richelieu"]
[Date "2020.01.17"]
[Round "1"]
[White "Duong, Thanh Nha"]
[Black "Kozlov, Guennadi"]
[Result "1-0"]
[WhiteElo "2177"]
[BlackElo "1297"]
[PlyCount "67"]
[EventDate "2020.01.17"]
[EventType "swiss"]
[EventRounds "5"]
[EventCountry "CAN"]
[SourceTitle "CBM 194 Extra"]
[Source "ChessBase"]
[SourceDate "2020.03.31"]
[SourceVersion "1"]
[SourceVersionDate "2020.03.31"]
[SourceQuality "1"]

1. e4 e6 2. d3 d5 3. Nd2 Nf6 4. Ngf3 c5 5. g3 Nc6 6. Bg2 dxe4 7. dxe4 e5 8. 0-0 Bg4 9. h3 Bxf3 10. Bxf3 Be7 11. c3 0-0 12. Qb3 Qc7 13. Nc4 Rad8 14. Re1 a6 15. a4 Rb8 16. a5 h6 17. Be3 Na7 18. Bg2 g5 19. Rf1 Kg7 20. Kh2 Nb5 21. Nb6 Nd6 22. Qc2 Nc8 23. Nc4 b5 24. axb6 Nxb6 25. Nd2 Ra8 26. Ra5 Nfd7 27. Rfa1 Qc8 28. Bf1 Nb8 29. Be2 N6d7 30. Bg4 Qb7 31. Nc4 Nc6 32. R5a3 Nb6 33. Rb3 Bd8 34. Bxc5 1-0

[Event "Montreal Noel op"]
[Site "Montreal"]
[Date "2019.12.27"]
[Round "2"]
[White "Fillion, Steve"]
[Black "Duong, Thanh Nha"]
[Result "1/2-1/2"]
[WhiteElo "2074"]
[BlackElo "2177"]
[PlyCount "150"]
[EventDate "2019.12.26"]
[EventType "swiss"]
[EventRounds "5"]
[EventCountry "CAN"]
[SourceTitle "CBM 194 Extra"]
[Source "ChessBase"]
[SourceDate "2020.03.31"]
[SourceVersion "1"]
[SourceVersionDate "2020.03.31"]
[SourceQuality "1"]

1. e4 e5 2. Nc3 Bc5 3. Nf3 d6 4. d4 exd4 5. Nxd4 Nc6 6. Nxc6 bxc6 7. Bc4 Qh4 8. Qf3 Nf6 9. Qf4 Qxf4 10. Bxf4 Rb8 11. Bb3 0-0 12. f3 Bb4 13. 0-0-0 Re8 14. h4 Be6 15. h5 Nd7 16. Ne2 c5 17. Bxe6 Rxe6 18. Bg3 Ree8 19. Nf4 Ba5 20. Nd5 h6 21. Be1 Bxe1 22. Rhxe1 Rb7 23. Re3 Kf8 24. Rb3 Reb8 25. Rxb7 Rxb7 26. Rd3 Ne5 27. Ra3 g6 28. f4 Ng4 29. hxg6 fxg6 30. Rg3 h5 31. b3 c6 32. Nc3 Rf7 33. Rf3 Ke7 34. Kd2 Nh2 35. Rf2 g5 36. g3 Ng4 37. Rf3 Ne5 38. Rf1 Ng6 39. Ne2 d5 40. Ke3 gxf4+ 41. Nxf4 Nxf4 42. Rxf4 Rg7 43. Kf3 Ke6 44. Rh4 Rg5 45. exd5+ cxd5 46. c3 Ke5 47. Ra4 Rg7 48. Ra6 Rf7+ 49. Ke3 d4+ 50. cxd4+ cxd4+ 51. Ke2 Rc7 52. a4 Rb7 53. Ra5+ Ke4 54. Rxh5 Rxb3 55. Rh4+ Kd5 56. Rh7 a5 57. Rd7+ Kc4 58. Rc7+ Kb4 59. Rd7 Kxa4 60. Rxd4+ Ka3 61. g4 Rb5 62. Kd2 Rc5 63. Rd3+ Kb2 64. Rd4 Re5 65. Rd6 Rb5 66. Ra6 Kb3 67. Ke3 a4 68. Kf4 a3 69. g5 a2 70. Rxa2 Kxa2 71. g6 Kb3 72. g7 Rb8 73. Kf5 Kc4 74. Kf6 Kd5 75. Kf7 Rb7+ 1/2-1/2

[Event "Montreal op"]
[Site "Montreal"]
[Date "2019.09.08"]
[Round "4"]
[White "Duong, Thanh Nha"]
[Black "Yu, Zong Yang"]
[Result "1/2-1/2"]
[WhiteElo "2146"]
[BlackElo "2394"]
[PlyCount "54"]
[EventDate "2019.09.06"]
[EventType "swiss"]
[EventRounds "5"]
[EventCountry "CAN"]
[SourceTitle "EXT 2020"]
[Source "ChessBase"]
[SourceDate "2019.10.17"]
[SourceVersion "1"]
[SourceVersionDate "2019.10.17"]
[SourceQuality "1"]

1. c4 g6 2. Nc3 Bg7 3. g3 e5 4. Bg2 Nc6 5. Nf3 d6 6. d3 Nge7 7. 0-0 0-0 8. Rb1 a5 9. a3 h6 10. b4 axb4 11. axb4 Be6 12. b5 Nb8 13. Nd2 c6 14. Qb3 Nd7 15. Ba3 Nf6 16. Nde4 Ne8 17. bxc6 bxc6 18. Qb4 Nc8 19. Bb2 Ne7 20. Ba3 Nc8 21. Bb2 Ra6 22. Ra1 Rb6 23. Qa3 Nc7 24. Rfb1 Re8 25. Bc1 Bf8 26. Rxb6 Nxb6 27. Qa5 Nd7 1/2-1/2

[Event "Montreal Summer IM"]
[Site "Montreal"]
[Date "2019.08.03"]
[Round "7"]
[White "Duong, Thanh Nha"]
[Black "Kaufman, Raymond"]
[Result "0-1"]
[WhiteElo "2230"]
[BlackElo "2301"]
[PlyCount "80"]
[EventDate "2019.07.31"]
[EventType "tourn"]
[EventRounds "9"]
[EventCountry "CAN"]
[EventCategory "3"]
[SourceTitle "CBM 191 Extra"]
[Source "ChessBase"]
[SourceDate "2019.09.30"]
[SourceVersion "1"]
[SourceVersionDate "2019.09.30"]
[SourceQuality "1"]

1. Nf3 d5 2. d4 Nf6 3. c4 e6 4. Bg5 h6 5. Bxf6 Qxf6 6. Nc3 c6 7. e3 Nd7 8. Bd3 dxc4 9. Bxc4 g6 10. 0-0 Bg7 11. Rc1 0-0 12. e4 e5 13. dxe5 Nxe5 14. Nxe5 Qxe5 15. Kh1 Qe7 16. Qe2 Be6 17. f4 b5 18. Bxe6 Qxe6 19. a3 Rad8 20. h3 Rd4 21. Qf2 Rfd8 22. Rc2 a5 23. e5 b4 24. axb4 axb4 25. Na4 b3 26. Nc5 bxc2 27. Nxe6 Rd1 28. Nxd8 c1Q 29. Kg1 Bf8 30. Nb7 Rxf1+ 31. Qxf1 Qxb2 32. Qa6 Qd4+ 33. Kh1 Qxf4 34. Qxc6 Qxe5 35. Qd7 Qe1+ 36. Kh2 Bg7 37. g3 Qf2+ 38. Kh1 Bd4 39. Qc8+ Kg7 40. Qc1 Qf3+ 0-1

[Event "Montreal Summer IM"]
[Site "Montreal"]
[Date "2019.07.31"]
[Round "1"]
[White "Yu, Zong Yang"]
[Black "Duong, Thanh Nha"]
[Result "0-1"]
[WhiteElo "2396"]
[BlackElo "2230"]
[PlyCount "70"]
[EventDate "2019.07.31"]
[EventType "tourn"]
[EventRounds "9"]
[EventCountry "CAN"]
[EventCategory "3"]
[SourceTitle "CBM 191 Extra"]
[Source "ChessBase"]
[SourceDate "2019.09.30"]
[SourceVersion "1"]
[SourceVersionDate "2019.09.30"]
[SourceQuality "1"]

1. d4 Nf6 2. c4 g6 3. Nc3 d5 4. cxd5 Nxd5 5. e4 Nxc3 6. bxc3 Bg7 7. Nf3 c5 8. Be3 Qa5 9. Qd2 0-0 10. Rc1 cxd4 11. cxd4 Qxd2+ 12. Nxd2 Rd8 13. Nb3 e6 14. e5 Bd7 15. Bc4 Nc6 16. 0-0 Ne7 17. Bg5 Re8 18. Na5 Rab8 19. Rb1 b6 20. Nb3 h6 21. Be3 Bc6 22. Rbc1 Bb7 23. Rc2 Rbc8 24. Rfc1 Bf8 25. f3 Nf5 26. Bf2 Ba3 27. Rd1 Ba6 28. Bd3 Bxd3 29. Rxc8 Rxc8 30. Rxd3 Ne7 31. Be3 Kg7 32. Rd1 Nd5 33. Bc1 Nc3 34. Re1 Bxc1 35. Nxc1 Rc4 0-1

[Event "Foxwoods op 13th"]
[Site "Ledyard"]
[Date "2019.04.20"]
[Round "6"]
[White "Hevia Alejano, Carlos Antonio"]
[Black "Duong, Thanh Nha"]
[Result "1-0"]
[WhiteElo "2470"]
[BlackElo "2214"]
[PlyCount "173"]
[EventDate "2019.04.17"]
[EventType "swiss"]
[EventRounds "9"]
[EventCountry "USA"]
[SourceTitle "CBM 189 Extra"]
[Source "ChessBase"]
[SourceDate "2019.06.03"]
[SourceVersion "1"]
[SourceVersionDate "2019.06.03"]
[SourceQuality "1"]

1. e4 e5 2. Nf3 Nc6 3. Bb5 a6 4. Ba4 Nf6 5. 0-0 Be7 6. d3 b5 7. Bb3 0-0 8. Re1 d6 9. a4 Be6 10. Bxe6 fxe6 11. c3 Qd7 12. Bg5 h6 13. Bxf6 Bxf6 14. Nbd2 Ne7 15. d4 Ng6 16. Nf1 Rfb8 17. axb5 Qxb5 18. dxe5 Nxe5 19. Nxe5 Bxe5 20. Re2 a5 21. Ra4 Qb3 22. Qa1 Qb5 23. Rc2 Qb3 24. Rd2 Bf4 25. Re2 Qb5 26. Qd1 Qb3 27. Qxb3 Rxb3 28. Rc2 Rab8 29. Ra2 c6 30. g3 Be5 31. Nd2 R3b5 32. Nc4 Rc5 33. Ra4 g5 34. f3 Rd8 35. Rd2 Kf8 36. Kf2 Ke7 37. Nxa5 Rd7 38. Nc4 Rb5 39. Ra6 Rc7 40. Ke3 Rc5 41. Ra4 Rd7 42. Nb6 Rc7 43. c4 Rb7 44. b4 Rxb6 45. Kd3 Rxb4 46. Rxb4 Ra5 47. Ke3 c5 48. Rb3 Ra1 49. f4 Bd4+ 50. Rxd4 cxd4+ 51. Kxd4 Rd1+ 52. Rd3 Rf1 53. c5 gxf4 54. gxf4 Rxf4 55. Ke3 Rh4 56. cxd6+ Kd7 57. e5 Rh5 58. Ke4 Rh4+ 59. Kf3 Rh5 60. Re3 Rxh2 61. Kg4 Rf2 62. Rh3 Re2 63. Kf4 Rf2+ 64. Ke4 Re2+ 65. Kd4 Rd2+ 66. Ke3 Rd1 67. Rxh6 Re1+ 68. Kf4 Rf1+ 69. Kg4 Rg1+ 70. Kf3 Rf1+ 71. Ke3 Re1+ 72. Kd4 Rd1+ 73. Ke3 Re1+ 74. Kf4 Rf1+ 75. Kg4 Rg1+ 76. Kh4 Rh1+ 77. Kg5 Rg1+ 78. Kf6 Rf1+ 79. Kg6 Rf5 80. Rh7+ Kd8 81. Rh5 Rf8 82. Rh7 Rf5 83. Rh8+ Kd7 84. Rh5 Rf8 85. Rh7+ Kc6 86. Rc7+ Kd5 87. d7 1-0

[Event "Trois-Rivieres Mauricie op"]
[Site "Trois Rivieres"]
[Date "2019.03.16"]
[Round "2.5"]
[White "Javidfard, Amirsalar"]
[Black "Duong, Thanh Nha"]
[Result "1-0"]
[WhiteElo "2161"]
[BlackElo "2325"]
[PlyCount "109"]
[EventDate "2019.03.15"]
[EventType "swiss"]
[EventRounds "5"]
[EventCountry "CAN"]
[SourceTitle "EXT 2022"]
[Source "ChessBase"]
[SourceDate "2021.10.06"]
[SourceVersion "1"]
[SourceVersionDate "2021.10.06"]
[SourceQuality "1"]

1. d4 d6 2. c4 e5 3. Nf3 e4 4. Nfd2 f5 5. g3 h5 6. h4 Nf6 7. Nb3 Be7 8. Bf4 0-0 9. Nc3 a5 10. d5 Nbd7 11. e3 Ng4 12. Qc2 Bf6 13. Nb5 a4 14. N3d4 Nc5 15. Be2 g6 16. 0-0 Ne5 17. b4 Ncd3 18. Rab1 Re8 19. c5 Re7 20. cxd6 cxd6 21. Bxd3 exd3 22. Qd1 Qb6 23. Rc1 Bd7 24. Nc7 Rc8 25. Nce6 Rxc1 26. Qxc1 Qxb4 27. Qc7 Be8 28. Qb8 d2 29. Bxe5 dxe5 30. Nc6 Qc4 31. Nxe7+ Kf7 32. Nc7 Qxf1+ 33. Kxf1 d1Q+ 34. Kg2 Bd7 35. Qd8 Bxe7 36. Qxd7 e4 37. Qe8+ Kf6 38. Qh8+ Kf7 39. Qh7+ Kf8 40. Ne6+ Ke8 41. Qxg6+ Kd7 42. Qxf5 Qg4 43. Nc5+ Kc7 44. Qxg4 hxg4 45. Nxe4 b5 46. Kf1 b4 47. Ke2 Bf6 48. d6+ Kc6 49. Nxf6 b3 50. axb3 a3 51. d7 a2 52. d8Q a1Q 53. Qd7+ Kc5 54. Qc7+ Kb5 55. Qb7+ 1-0